| 000 | 00625nam a22002297a 4500 | ||
|---|---|---|---|
| 003 | OSt | ||
| 005 | 20170120183848.0 | ||
| 008 | 150611b xxu||||| |||| 00| 0 eng d | ||
| 020 | _a9780702031243 | ||
| 040 | _cDNLM | ||
| 082 | _aWU400 M61o 2013 | ||
| 100 |
_aMillett, Declan; Welbury, Richard _95256 |
||
| 245 | _aOrthodontics & Paediatric Dentistry | ||
| 250 | _a2nd ed. | ||
| 260 |
_aEdinburgh; _bChurchill, _c2013 |
||
| 300 |
_a212p; _bcol.ill: _c30cm |
||
| 504 | _aReferences, maps, & index included | ||
| 650 |
_aOrthodontics _95257 |
||
| 650 |
_aPaediatrics _93350 |
||
| 650 |
_aDental _93287 |
||
| 942 |
_2z _cO_SHELF |
||
| 999 |
_c2022 _d2022 |
||